People of the spirit :Exploring Luke's view of the Church (Record no. 22546)

MARC details
000 -LEADER
fixed length control field 00999cam a2200193 a 4500
020 ## - INTERNATIONAL STANDARD BOOK NUMBER
ISBN 9780281055364 (SPCK)
020 ## - INTERNATIONAL STANDARD BOOK NUMBER
ISBN 028105536X (SPCK)
020 ## - INTERNATIONAL STANDARD BOOK NUMBER
ISBN 9780801038808 (pbk.)
020 ## - INTERNATIONAL STANDARD BOOK NUMBER
ISBN 0801038804 (pbk.)
082 00 - DEWEY DECIMAL CLASSIFICATION NUMBER
Classification number 260
Author Cutter TWE
100 1# - MAIN ENTRY--AUTHOR NAME
Author name Twelftree, Graham H.
245 10 - TITLE STATEMENT
Title People of the spirit :Exploring Luke's view of the Church
260 ## - PUBLICATION, DISTRIBUTION, ETC. (IMPRINT)
Place of publication Grand Rapids, Mich. :
Name of publisher Baker Academic ;
Place of publication London :
Name of publisher Society for Promoting Christian Knowledge,
Year of publication 2009.
300 ## - PHYSICAL DESCRIPTION
Number of Pages xvii, 269 p. ;
505 0# - FORMATTED CONTENTS NOTE
Formatted contents note The issues -- Origins and purpose -- Jesus : the church modelled -- Salvation and the church -- The church as the people of God -- Luke's Pentecosts -- The spirit, tongues, and baptism -- Problems in the early church -- Worship -- Scripture and knowing God -- Experience and knowing God -- Early Catholic, Protestant, or charismatic? -- Mission : evangelism or social action or both? -- Listening to Luke.
650 #0 - SUBJECT ADDED ENTRY--TOPICAL TERM
Topical Term Church - Biblical Teaching
-- Bible - Acts
942 ## - ADDED ENTRY ELEMENTS (KOHA)
Koha item type Books
Holdings
Home library Current library Shelving location Date acquired Full call number Accession Number Koha item type
Henry Martyn Institute Library Henry Martyn Institute Library General stacks 11/23/2018 260 TWE 11-3928 Books
Henry Martyn Institute Library Henry Martyn Institute Library General stacks 11/23/2018 260 TWE 11003927 Books
                   Copyright © 2026 | Henry Martyn Institute | Hyderabad | TS-500052 | INDIA | Implemented by hmi.edu.in
Hit-Count:

Powered by Koha